UBT Library

The new iPad / (Record no. 1323)

000 -LEADER
fixed length control field 00424nam a22001577a 4500
008 - FIXED-LENGTH DATA ELEMENTS--GENERAL INFORMATION
fixed length control field 151021b xxu||||| |||| 00| 0 eng d
020 ## - INTERNATIONAL STANDARD BOOK NUMBER
International Standard Book Number 9781118173039
041 0# - LANGUAGE CODE
Language code of text/sound track or separate title eng
080 ## - UNIVERSAL DECIMAL CLASSIFICATION NUMBER
Universal Decimal Classification number 004
100 1# - Rafti
Rafti McFedries, Paul.
245 14 - TITLE STATEMENT
Title The new iPad /
Statement of responsibility, etc by Paul McFedries.
260 ## -
-- Hoboken, N.J. :
-- John Wiley & Sons,
-- 2012.
300 ## -
-- xviii, 317 f. :
-- me il.;
-- 23 cm.
650 #0 -
-- iPad (Computer)
942 ## - ADDED ENTRY ELEMENTS (KOHA)
Source of classification or shelving scheme
Item type Books
Holdings
Withdrawn status Lost status Source of classification or shelving scheme Damaged status Not for loan Collection code Permanent location Current location Shelving location Date acquired Total Checkouts Full call number Barcode Date last seen Price effective from Koha item type
          Koleksioni i përgjithshem UBT - Lipjan UBT - Lipjan Koleksioni i përgjithshem 10/21/2015   004 MCF 002-008439 10/21/2015 10/21/2015 Books
UBT Library © 2015-2024. All rights reserved University Education for Business and Technology